Alle PDC Darts Turniersieger 2011 - Statistiken

Allgemein
  • Dieses Quiz wurde 45 mal gespielt
  • Das Durchschnittsergebnis liegt bei 35 aus 53
Antwortstatistiken
Turnier Land Dartsspieler % Korrekt
Players Championship Finals (03.02.2011-06.02.2011) England Phil Taylor
100%
RTL7 Masters England Phil Taylor
100%
UK Open Qualifier 6 England Phil Taylor
100%
UK Open Qualifier 8 England Phil Taylor
100%
World Matchplay England Phil Taylor
100%
European Championship England Phil Taylor
100%
PDPA Players Championship Ireland 1 England Phil Taylor
100%
World Grand Prix England Phil Taylor
100%
Championship Of Darts England Phil Taylor
100%
Grand Slam Of Darts England Phil Taylor
100%
PDPA Players Championship Wigan 1 England Phil Taylor
100%
PDPA Players Championship Wigan 2 England Phil Taylor
100%
UK Open Qualifier 5 Schottland Gary Anderson
92%
UK Open Qualifier 7 Schottland Gary Anderson
92%
Premier League Schottland Gary Anderson
92%
PDPA Players Championship Crawley 3 Schottland Gary Anderson
92%
PDPA Players Championship Netherlands 1 Schottland Gary Anderson
92%
PDPA Players Championship Netherlands 2 Schottland Gary Anderson
92%
PDPA Players Championship Derby 4 Schottland Gary Anderson
92%
PDPA Players Championship Netherlands 3 Schottland Gary Anderson
92%
PDPA Players Championship Derby 3 Niederlande Raymond van Barneveld
92%
World Darts Championship England Adrian Lewis
88%
UK Open Qualifier 3 England Adrian Lewis
88%
PDPA Players Championship Derby 2 Kanada John Part
85%
PDPA Players Championship Austria 1 Kanada John Part
85%
PDPA Players Championship Canada 1 Kanada John Part
85%
UK Open England James Wade
73%
PDPA Players Championship Germany 3 England James Wade
73%
PDPA Players Championship Spain 1 England James Wade
73%
PDPA Players Championship Barnsley 2 England Andy Smith
62%
UK Open Qualifier 2 England Michael Smith
62%
UK Open Qualifier 4 Niederlande Vincent van der Voort
58%
PDPA Players Championship Austria 2 Niederlande Vincent van der Voort
58%
PDPA Players Championship Germany 1 England Mervyn King
54%
PDPA Players Championship Spain 2 England Mervyn King
54%
PDPA Players Championship Crawley 1 Australien Paul Nicholson
46%
PDPA Players Championship Crawley 4 Australien Paul Nicholson
46%
PDPA Players Championship Barnsley 1 Australien Paul Nicholson
46%
PDPA Players Championship Crawley 6 England Dave Chisnall
31%
PDPA Players Championship Germany 2 England Ronnie Baxter
31%
PDPA Players Championship Canada 2 England Ronnie Baxter
31%
PDPA Players Championship Ireland 2 England Justin Pipe
27%
Killarney Pro Tour England Justin Pipe
27%
PDPA Players Championship Crawley 5 England Justin Pipe
27%
PDPA Players Championship Crawley 2 England Wes Newton
27%
Players Championship Finals (08.12.2011-11.12.2011) England Kevin Painter
23%
PDPA Players Championship Netherlands 4 Wales Ritchie Burnett
19%
PDC Youth World Championship England Arron Monk
15%
UK Open Qualifier 1 England Steve Brown
15%
Gleneagle Irish Masters England Mark Walsh
12%
PDPA Players Championship Germany 4 England Colin Osborne
4%
Oceanic Masters Australien Geoff Kime
0%
PDPA Players Championship Derby 1 England Jamie Caven
0%
Keine übereinstimmenden Quizze gefunden
Verteilung der Resultate
Anzahl Personen mit jedem Resultat
Perzentil nach korrekt beantworteten Fragen
Ihre Resultats-Entwicklung
Sie haben dieses Quiz noch nicht gespielt